Quizzes
Events
Quiz Creation
Community
Videos
Private Events
Remove Ads
Sign In
Join for FREE
Feedback
Dark Mode
Quiz Categories
Sports
Geography
Music
Movies
Television
Just For Fun
Miscellaneous
History
Literature
Language
Science
Gaming
Entertainment
Religion
Holiday
For Kids
Quiz Lab
Recent
Popular Today
Quiz Kudos Today
Editor Picks
Curator Picks
Quizzes by...
Day
Popularity
Type
Ratings
Length
Year
Community
Subscriptions
Recent Discussions
Orange Saloon
Badges
Playlists
Quests
Create
Leaderboards
Showdown
Live 5
Trivia Bingo
Activity
Puzzle Library
Sporcle Events
Private Events
Virtual Trivia
Globe League
Become a Host
Pub Owners
SporcleCon
Opinionation
Our Games
Videos
Blog
Mobile Apps
Partnerships
Remove Ads and Go Orange
Feedback
Geography
Country
Landmarks
City
State
Population
World
Capital
Continent
Flags
Europe
Africa
Asia
South America
North America
Oceania
Border
Canada
United Kingdom
Topography
United States
Geography
Country
Landmarks
City
State
Population
World
Capital
Continent
Flags
Europe
Africa
Asia
South America
North America
Oceania
Border
Canada
United Kingdom
Topography
United States
Random Quiz
Search Sporcle
×
Featured
Featured
Geography
Asia
Click on regions of an image
Click on regions of an image
Picture Click
Best Score? Go Orange.
Which Country: Middle Eastern Landmarks Stats
Can you click the country that corresponds with the picture of each landmark?
By
alvir28
3m
12 Questions
44.3K Plays
44,336 Plays
44,336 Plays
Comments
Comments
Give Quiz Kudos
Give Quiz Kudos
-
- Ratings
hide this ad
Forced Order
Answers have to be entered in order
Answers have to be entered in order
Replay
Link that replays current quiz
Next Quiz
Link to next quiz in quiz playlist
You Got
0%
They Got
Avg Score
61%
Avg Friend Score
Upgrade to see
Score Distribution
Jump to the score distribution portion of the page
Score
0/12
Timer
03:00
4
Plays Today
% Correct
Great Pyramids of Giza
Egypt
92.9%
Kaaba
Mecca, Saudi Arabia
86.5%
Hagia Sofia
Istanbul, Türkiye
78.9%
Palm Jumeirah
Dubai, UAE
76.2%
Petra
Jordan
74.3%
Dome of the Rock
Jerusalem
61.6%
Krak des Chevaliers
Syria
57.8%
Frankincense Burner
Muscat, Oman
52.3%
Azadi Tower
Tehran, Iran
51.2%
Kuwait Towers
Kuwait
48.4%
Dar al-Hajar
Sana'a, Yemen
33.1%
Temple of Bacchus
Baalbek, Lebanon
26.3%
Quiz Playlist
Details
Report
Send in Message
Add To Playlist
Picture Click:
Click on regions of an image
Forced Order:
Answers have to be entered in order
Last Updated: Apr 18, 2020
Featured
Curator Pick in
Country
,
Asia
Quiz Scoreboard
CHALLENGE
Sign Up to Join the Scoreboard
Show All
Scores
Hide
Comments
May contain spoilers
Recently Published
Presidents Visiting Landmarks
by Hejman
History
7m
An Introduction to Baseball
by treessimontrees
Sports
5m
Movies - When Are They Set?
by FPL_Elf
Movies
5m
More to Explore
Quiz From the Vault
Featured Blog Post
Where Did the Easter Bunny Come From?
hide this ad
You Might Also Like...
Tags
Africa Quiz
Asia Quiz
Country Quiz
Famous Quiz
Landmarks Quiz
Arabia
Middle East
World Landmarks
Today's Top Quizzes in Geography
Browse Geography
hide this ad
Today's Top Quizzes in Asia
Browse Asia
Top Contributed Quizzes in Geography
1
Countries of the World - No Outlines Minefield
2
Top 25 Cities of France on a map
3
Any capital of a 'B' country per Continent
4
Closest Countries to UK A-Z
5
Any capital of a 'C' country per Continent
6
One Thing in Common: United Kingdom
7
Any capital of a 'D' country per Continent
8
Find the Provinces of Canada - No Outlines Minefield
9
5-to-1: US Geography No Hints
10
Any capital of an 'E' country per Continent
Explore More
Trending Topics
Disney
Kpop
Crossword
Harry Potter
NBA
Marvel
Anime
Pokémon
NFL
Song
WWE
Soccer
Country
The Office
Puzzle
hide this ad
More By:
alvir28
Quiz
Plays
Rating
Category
Featured
Created
Formula One Constructors Champions
183,062
4.72
Sports
May 17, 2018
Find the Red Animals
121,563
4.81
Science
Jul 11, 2018
Countries with Multiple Grands Prix
107,162
4.68
Sports
May 24, 2017
Which State: US Landmarks
98,379
4.55
Geography
Oct 9, 2018
Find the Green Animals
96,703
4.74
Science
Jul 8, 2018
Go to Creator's Profile
Score Distribution
Quiz Creator Spotlight
alvir28
Follow
Send a Message
Quizzes Created
-
Created Quiz Play Count
-
More By This Creator
Popular Quizzes Today
1
Find the US States - No Outlines Minefield
2
Find the Countries of Europe - No Outlines Minefield
3
The Countries of the World
4
Find the US States
5
Popular People in 1961
6
US States
7
Risky Map Clicking: Biggest States A-Z
8
Movies - When Are They Set?
More Geography Quizzes
Geographically Closest US States: -e
Published
Trending Quizzes
Risky Map Clicking: Least Populous States A-Z
1-10 Letter G Words
1-10 Letter F Words
Risky Map Clicking: Next State Alphabetically
Risky Map Clicking: Biggest States A-Z
Recently Updated
Leaping Animals
pecheneg
Reality TV Shows (A-Z)
bhenderson79
Rickey Henderson's Hall of Fame Teammates
pecheneg
Champions League XIs: Arsenal
pecheneg
Quick Pick: Celebrities in WWE's Hall of Fame
aduchscher
A-Z Keypad Blitz II
pecheneg
Multiple Oscar Actors
pecheneg
Mystery Phrase Blitz: Oscar 'Best Actors'
pecheneg
F. Scott Fitzgerald Novels
LTH
Pick 3 Villains
ddd62291
Trending Topics
Disney
Crossword
NBA
Harry Potter
Kpop
Anime
Marvel
Country
Song
Pokémon
The Office
Puzzle
Soccer
NFL
WWE
Your Account Isn't Verified!
In order to create a playlist on Sporcle, you need to verify the email address you used during registration. Go to your
Sporcle Settings
to finish the process.
Report this User
Report this user for behavior that violates our
Community Guidelines
.
Details:
Send Report
Go to the Sporcle.com Mobile Site →
Comments